000 00326nam a2200133Ia 4500
008 240624s9999 xx 000 0 und d
041 _aeng
082 _a823 SOL
100 _aSOLZHENITSYN ALEKSANDR
245 _aONE DAY IN THE LIFE OF IVAN DENISOVICH
260 _c2000
_aNew York
_bPenguin
300 _a142
365 _cRS
999 _c29216
_d29216